Chemistry, an experimental science / (Record no. 13838)

000 -LEADER
fixed length control field 00609pam a2200205 a 4500
020 ## - INTERNATIONAL STANDARD BOOK NUMBER
ISBN 0471593869
040 ## - CATALOGING SOURCE
Transcribing agency DLC
082 00 - DEWEY DECIMAL CLASSIFICATION NUMBER
Classification number 540 WIL 1995 A024 Or.
100 1# - MAIN ENTRY--AUTHOR NAME
Personal name Bodner, George M.
245 10 - TITLE STATEMENT
Title Chemistry, an experimental science /
250 ## - EDITION STATEMENT
Edition statement 2nd ed.
260 ## - PUBLICATION, DISTRIBUTION, ETC. (IMPRINT)
Place of publication New York :
Name of publisher Wiley,
Year of publication c1995.
300 ## - PHYSICAL DESCRIPTION
Number of Pages xxxii, 983, [86] p. :
Other physical details col. ill. ;
Dimensions 26 cm.
500 ## - GENERAL NOTE
General note Includes index.
650 #0 - SUBJECT ADDED ENTRY--TOPICAL TERM
Topical Term Chemistry.
700 1# - ADDED ENTRY--PERSONAL NAME
Personal name Pardue, Harry L.
856 42 - ELECTRONIC LOCATION AND ACCESS
Uniform Resource Identifier http://www.loc.gov/catdir/description/wiley033/94022161.html
856 4# - ELECTRONIC LOCATION AND ACCESS
Uniform Resource Identifier http://www.loc.gov/catdir/toc/onix03/94022161.html
942 ## - ADDED ENTRY ELEMENTS (KOHA)
Koha item type សៀវភៅភាសាអង់គ្លេស
952 ## - LOCATION AND ITEM INFORMATION (KOHA)
Withdrawn status [LOCAL, KOHA] 0
Holdings
Permanent Location Date acquired Koha item type Lost status Shelving location Barcode Current Location Full call number
Library Block A2017-08-31សៀវភៅភាសាអង់គ្លេស A057A19654Library Block A540 WIL 1995 A057 Or.
មជ្ឈមណ្ឌលឯការនៃសាកលវិទ្យាល័យភូមិន្ទកសិកម្មចំការដូង

Powered by Koha